000 00604nam a2200241Ia 4500
003 OSt
005 20220912145712.0
006 a|||||r|||| 00| 0
007 ta
008 220909b |||||||| |||| 00| 0 eng d
024 _a73704
037 _cTextual
040 _aCSL
_beng
_cCSL
041 _aeng
082 _aLa.2.N1, F0 CS
100 _aINDIA,Education (Bureau of-)
245 0 _aMedicine and hygiene
260 _c1920
300 _ap.
_ccm.
650 _aMedicine
942 _hLa.2.N1, F0 CS
_cTEXL
_2CC
999 _c36592
_d36592